State Capital Locations Quiz Stats

 Plays Quiz Updated Feb 2, 2018

Challenge
Share
Tweet
Score 0/50 Timer 10:00
70 Plays Today
% Correct
Hartford
73.4%
Montpelier
73.3%
Trenton
72.5%
Providence
71.6%
Concord
71.3%
Indianapolis
70.1%
Columbus
69.8%
Boston
68.6%
Lansing
67.1%
Olympia
66.5%
Richmond
65.6%
Columbia
65.6%
Springfield
65.2%
Tallahassee
64.4%
Dover
64.4%
Raleigh
64.3%
Sacramento
63.5%
Little Rock
63.2%
Annapolis
63%
Oklahoma City
62.2%
Augusta
62.1%
Albany
61.9%
Harrisburg
60.5%
Austin
60.1%
Montgomery
60%
% Correct
Baton Rouge
59.9%
Atlanta
59.1%
Jefferson City
57.7%
Des Moines
56.4%
Salem
56.3%
Jackson
56.2%
Frankfort
55.6%
Nashville
55.4%
Phoenix
55%
Saint Paul
53.2%
Bismarck
52.9%
Madison
51.3%
Pierre
51.2%
Denver
50.1%
Carson City
49.8%
Charleston
48.8%
Santa Fe
44.3%
Salt Lake City
43.9%
Boise
41.8%
Helena
39.8%
Topeka
37.8%
Juneau
37.7%
Lincoln
37.3%
Cheyenne
36.6%
Honolulu
31.7%

You're not logged in!

Compare scores with friends on all Sporcle quizzes.
OR
Log In

You Might Also Like...

Show Comments

Extras

Top Quizzes Today


Score Distribution

Your Account Isn't Verified!

In order to create a playlist on Sporcle, you need to verify the email address you used during registration. Go to your Sporcle Settings to finish the process.

Report this User

Report this user for behavior that violates our Community Guidelines.

Details: